000 00956cam a2200301 a 4500
001 2225
005 20250728113405.0
020 _a9780061152597
020 _a9780061152603
020 _a9780545256094
040 _aDLC
_cDLC
_dDLC
_beng
050 0 0 _aPZ7.R719445
_bYe 2009
082 0 0 _a464
_222
100 1 _aRosenthal, Amy Krouse
245 1 0 _aYes Day! /
_cYes It's by Amy Krouse Rosenthal & Tom Lichtenheld!
250 _aFirst Scholastic printing, May 2010
260 _aNew York :
_bScholastic,
_c2009
300 _a32 unnumbered pages :
_bIllustrations
_c20x20 cm
505 _aD
520 _aA little boy gets everything he asks for on Yes Day, a special day that only comes once a year.
521 1 _a200
_bLexile
521 1 _aD
_bRaz-Plus
650 1 _aWishes
_vFiction.
650 1 _aDay
_vFiction.
700 1 _aLichtenheld, Tom
_eIllustrator
906 _a7
_bcbc
_corignew
_d1
_eecip
_f20
_gy-gencatlg
942 _2ddc
_cBK
_n0
999 _c2225
_d2225